| 000 | 01463nam a2200253Ia 4500 | ||
|---|---|---|---|
| 999 |
_c46194 _d46194 |
||
| 001 | 13027 | ||
| 003 | GE_BSU | ||
| 005 | 20240715114838.0 | ||
| 008 | 181216s2007||||ge |||||||||||||| ||geo|| | ||
| 020 | _a978-9941-13-012-0 | ||
| 040 | _cGE_BSU | ||
| 041 | _ageo | ||
| 080 | _a821.353.1-1 ჭ-15 | ||
| 100 |
_aჭავჭავაძე, ილია _922823 |
||
| 245 |
_aმამულო საყვარელო = Вiтчизно кохана : _b[ლექსების კრებული ქართ. და უკრ. ენ.] / _cილია ჭავჭავაძე ; [წინასიტყვ. : გიორგი ხუბუა, ოთარ ბაქანიძე ; სარედ. კოლ.: ო. ბაქანიძე (მთ. რედ.) და სხვ. ; უკრაინისტიკის ინ-ტი]. |
||
| 264 |
_aთბილისი : _bთბილისის უნ-ტის გამ-ბა, _c2007. |
||
| 300 |
_a76 გვ. : _bილ. ; _c22 სმ. |
||
| 653 | _aმამულო საყვარელო | ||
| 653 | _aქართულ-უკრაინული ლიტერატურული ურთიერთობები | ||
| 653 | _aჭავჭავაძე, ილია | ||
| 700 |
_aბაქანიძე, ო. _eრედაქტორი _94656 |
||
| 710 |
_aუკრაინისტიკის ინსტიტუტი _922824 |
||
| 942 |
_cBK _2udc |
||